Hướng dẫn sử dụng Photoshop Album bằng hình

Spremljeno u:
Bibliografski detalji
Glavni autor: Hoàng Phương
Format: Knjiga
Jezik:Undetermined
Izdano: Hà Nội Thống Kê 2003
Teme:
Oznake: Dodaj oznaku
Bez oznaka, Budi prvi tko označuje ovaj zapis!
Thư viện lưu trữ: Trung tâm Học liệu Trường Đại học Cần Thơ
LEADER 00583nam a2200193Ia 4500
001 CTU_56738
008 210402s9999 xx 000 0 und d
020 |b 47000 
082 |a 006.68 
082 |b H407 
100 |a Hoàng Phương 
245 0 |a Hướng dẫn sử dụng Photoshop Album bằng hình 
245 0 |c Hoàng Phương 
260 |a Hà Nội 
260 |b Thống Kê 
260 |c 2003 
650 |a photoshop ( computer programs ),computer graphics 
650 |x computer programs 
980 |a Trung tâm Học liệu Trường Đại học Cần Thơ